000
00211nam a22000857a 4500
008
161219b xxu||||| |||| 00| 0 eng d
100
_9
2130
_a
Suslov. V
245
_a
Who the Stongest?
260
_a
Moscow
_b
Progress
_c
1981
999
_c
5011
_d
5011